ARRUPE JESUIT UNIVERSITY

CORONAVIRUS -STOP THE SPREAD - CLEAN,DISINFECT,COVER

Between philosophy and history; (Record no. 119041)

MARC details
000 -LEADER
fixed length control field 00839nam a22002531 4500
001 - CONTROL NUMBER
control field 14492630
003 - CONTROL NUMBER IDENTIFIER
control field ARRUPE
005 - DATE AND TIME OF LATEST TRANSACTION
control field 20131203184946.0
008 - FIXED-LENGTH DATA ELEMENTS--GENERAL INFORMATION
fixed length control field 060811s1970 nju 000 0 eng
010 ## - LIBRARY OF CONGRESS CONTROL NUMBER
LC control number 70090946
020 ## - INTERNATIONAL STANDARD BOOK NUMBER
International Standard Book Number 0691071586
040 ## - CATALOGING SOURCE
Original cataloging agency DLC
Transcribing agency DLC
Modifying agency DLC
050 00 - LIBRARY OF CONGRESS CALL NUMBER
Classification number D16.8
Item number .F3
300 ## - PHYSICAL DESCRIPTION
Dimensions 23 cm.
100 1# - MAIN ENTRY--PERSONAL NAME
Personal name Fain, Haskell,
Dates associated with a name 1926-
9 (RLIN) 5009
245 10 - TITLE STATEMENT
Title Between philosophy and history;
Statement of responsibility, etc the resurrection of speculative philosophy of history within the analytic tradition.
260 ## - PUBLICATION, DISTRIBUTION, ETC. (IMPRINT)
Place of publication, distribution, etc Princeton, N.J.,
Name of publisher, distributor, etc Princeton University Press,
Date of publication, distribution, etc 1970.
300 ## - PHYSICAL DESCRIPTION
Extent xi, 329 p.
504 ## - BIBLIOGRAPHY, ETC. NOTE
Bibliography, etc Includes bibliographical references.
650 #0 - SUBJECT ADDED ENTRY--TOPICAL TERM
Topical term or geographic name as entry element History
General subdivision Philosophy.
9 (RLIN) 5010
650 #0 - SUBJECT ADDED ENTRY--TOPICAL TERM
Topical term or geographic name as entry element Analysis (Philosophy)
9 (RLIN) 5011
906 ## - LOCAL DATA ELEMENT F, LDF (RLIN)
a 0
b ibc
c premunv
d 3
e ncip
f 19
g y-gencatlg
942 ## - ADDED ENTRY ELEMENTS (KOHA)
Source of classification or shelving scheme Library of Congress Classification
Koha item type Monograph ( Printed materials)
Holdings
Withdrawn status Lost status Source of classification or shelving scheme Damaged status Not for loan Home library Current library Shelving location Date acquired Total Checkouts Full call number Barcode Date last seen Price effective from Koha item type
    Library of Congress Classification     ARRUPE LIBRARY ARRUPE LIBRARY Main Collection 03/12/2013   D16.8 .F3 464123723 03/12/2013 03/12/2013 Monograph ( Printed materials)

 

Arrupe Library. PO Box MP320 Mt Pleasant, Harare, Zimbabwe
263 242 745411|librarian@aju.ac.zw